[Event "Chess.com Classic Play In"]
[Site "Chess.com INT"]
[Date "2024.05.08"]
[Round "2"]
[White "Santos Ruiz, Miguel"]
[Black "Stopa, Jacek"]
[Result "1/2-1/2"]
[WhiteElo "2601"]
[BlackElo "2334"]
[PlyCount "131"]
[EventDate "2024.05.08"]
[EventType "swiss (rapid)"]
[EventRounds "9"]
[EventCountry "USA"]
[SourceTitle "CB20_2024"]
[SourceDate "2024.05.16"]
[SourceVersion "1"]
[SourceVersionDate "2024.05.16"]
[SourceQuality "1"]

1. e4 c5 2. Nf3 d6 3. d4 cxd4 4. Qxd4 Nf6 5. Bb5+ Bd7 6. c4 Nc6 7. Qd3 g6 8. Nc3 Bg7 9. 0-0 0-0 10. h3 Rc8 11. Be3 a6 12. Bxc6 Bxc6 13. Nd4 Qa5 14. Rac1 Rfd8 15. Rfd1 Nd7 16. b3 Qh5 17. Nd5 Bxd5 18. exd5 Nc5 19. Qd2 Re8 20. Re1 Nd7 21. Rcd1 Nf6 22. a4 Nd7 23. a5 Nf6 24. Bf4 Nd7 25. Nf3 Qf5 26. Nd4 Qf6 27. Bg5 Qxd4 28. Qxd4 Bxd4 29. Rxd4 f6 30. Be3 Kf7 31. Kf1 g5 32. h4 h6 33. Rb1 Rc7 34. Ke2 Ne5 35. g3 Ng6 36. hxg5 hxg5 37. Rh1 Rh8 38. Rxh8 Nxh8 39. f4 gxf4 40. gxf4 Ng6 41. Rd1 Rc8 42. Rh1 Rh8 43. Rxh8 Nxh8 44. b4 Ke8 45. Kd3 f5 46. c5 Kd7 47. Kc4 Ng6 48. b5 axb5+ 49. Kxb5 dxc5 50. Kb6 Kc8 51. Kxc5 Kc7 52. Bd4 Kc8 53. Be3 Kc7 54. Bd2 Kd7 55. Kb6 Kc8 56. Bc1 Nf8 57. Ba3 Ng6 58. d6 exd6 59. Bxd6 Nh4 60. Kc5 Kd7 61. Kd5 Ng2 62. Bb8 Kc8 63. Be5 Kd7 64. Bb8 Kc8 65. Be5 Kd7 66. Bb8 1/2-1/2

[Event "Chess.com Classic Play In"]
[Site "Chess.com INT"]
[Date "2024.05.08"]
[Round "1"]
[White "Stopa, Jacek"]
[Black "Predke, Alexandr"]
[Result "0-1"]
[WhiteElo "2334"]
[BlackElo "2667"]
[PlyCount "68"]
[EventDate "2024.05.08"]
[EventType "swiss (rapid)"]
[EventRounds "9"]
[EventCountry "USA"]
[SourceTitle "CB20_2024"]
[SourceDate "2024.05.16"]
[SourceVersion "1"]
[SourceVersionDate "2024.05.16"]
[SourceQuality "1"]

1. d4 d5 2. c4 dxc4 3. Nf3 c5 4. d5 e6 5. Nc3 exd5 6. Qxd5 Qxd5 7. Nxd5 Bd6 8. e4 Nf6 9. Nxf6+ gxf6 10. Bxc4 Be6 11. Bxe6 fxe6 12. Be3 Nc6 13. 0-0-0 0-0-0 14. Rd2 Be7 15. Rhd1 Rxd2 16. Rxd2 Rg8 17. g3 Rg4 18. e5 fxe5 19. a3 a5 20. Rc2 b6 21. h3 Rg8 22. Rc4 Rf8 23. Nd2 Nd4 24. Kd1 Kb7 25. Rc3 a4 26. Ne4 Kc6 27. g4 Kd5 28. Nd2 b5 29. Nf1 Bd6 30. Nd2 e4 31. Ke1 Be5 32. Rc1 c4 33. Nb1 Nf3+ 34. Ke2 Bxb2 0-1

[Event "Titled Tuesday intern op 23rd Apr Late"]
[Site "Chess.com INT"]
[Date "2024.04.23"]
[Round "2"]
[White "Vanczak, Tamas"]
[Black "Stopa, Jacek"]
[Result "1-0"]
[WhiteElo "2424"]
[BlackElo "2334"]
[PlyCount "83"]
[EventDate "2024.04.23"]
[EventType "swiss (blitz)"]
[EventRounds "11"]
[EventCountry "USA"]
[SourceTitle "CB18_2024"]
[SourceDate "2024.05.01"]
[SourceVersion "1"]
[SourceVersionDate "2024.05.01"]
[SourceQuality "2"]

1. e4 c5 2. Nf3 d6 3. d4 cxd4 4. Nxd4 Nf6 5. Nc3 g6 6. Be3 Bg7 7. f3 0-0 8. Qd2 Nc6 9. Bc4 Bd7 10. 0-0-0 Rc8 11. Bb3 Ne5 12. h4 h5 13. Bg5 Rc5 14. Kb1 b5 15. Bh6 a5 16. Bxg7 Kxg7 17. a3 b4 18. axb4 axb4 19. Na2 Qc7 20. g4 hxg4 21. h5 Nxh5 22. fxg4 Bxg4 23. Rdg1 Rh8 24. Nxb4 e6 25. Na6 Qd8 26. Qf2 Ra5 27. Nb4 Qf6 28. Qe3 Rha8 29. Na2 Qf4 30. Qe1 Nf3 31. Nxf3 Bxf3 32. Rh4 Qf6 33. Rf1 Rg5 34. Rh3 Rga5 35. Rhxf3 Qe5 36. Rxf7+ Kg8 37. Qd2 Ng7 38. Qh6 R5a7 39. Qxg6 Rxf7 40. Qxf7+ Kh7 41. Rh1+ Qh5 42. Rxh5# 1-0

[Event "Titled Tuesday intern op 12th Mar Late"]
[Site "Chess.com INT"]
[Date "2024.03.12"]
[Round "11"]
[White "Mekhitarian, Krikor Sevag"]
[Black "Stopa, Jacek"]
[Result "1-0"]
[WhiteElo "2554"]
[BlackElo "2335"]
[PlyCount "59"]
[EventDate "2024.03.12"]
[EventType "swiss (blitz)"]
[EventRounds "11"]
[EventCountry "USA"]
[SourceTitle "CB12_2024"]
[SourceDate "2023.10.01"]
[SourceVersion "1"]
[SourceVersionDate "2023.10.01"]
[SourceQuality "1"]

1. Nf3 d5 2. c4 c6 3. d4 Nf6 4. Nc3 e6 5. Qc2 c5 6. cxd5 cxd4 7. Nxd4 exd5 8. Bf4 Be7 9. e3 0-0 10. Bd3 Nc6 11. Nxc6 bxc6 12. 0-0 Be6 13. Rac1 Qa5 14. Rfd1 h6 15. b3 Ba3 16. Rb1 Bb4 17. Na4 Rac8 18. Be5 Be7 19. Bc3 Qc7 20. Rbc1 c5 21. Bxf6 gxf6 22. Ba6 Qe5 23. Bxc8 Rxc8 24. Qd2 Bd6 25. f4 Qh5 26. Nc3 d4 27. Ne4 Be7 28. exd4 Bg4 29. Re1 Rd8 30. Ng3 1-0

[Event "Santa Clara 1000 GM Schev2 03"]
[Site "Santa Clara"]
[Date "2024.03.11"]
[Round "5.5"]
[White "Zhou, Ruoyu"]
[Black "Stopa, Jacek"]
[Result "1/2-1/2"]
[WhiteElo "2168"]
[BlackElo "2335"]
[PlyCount "39"]
[EventDate "2024.03.06"]
[EventType "schev"]
[EventRounds "5"]
[EventCountry "USA"]
[SourceTitle "CB13_2024"]
[SourceDate "2024.03.27"]
[SourceVersion "1"]
[SourceVersionDate "2024.03.27"]
[SourceQuality "1"]

1. e4 c5 2. Nf3 Nc6 3. d4 cxd4 4. Nxd4 e5 5. Nb5 a6 6. Nd6+ Bxd6 7. Qxd6 Qf6 8. Qd1 Qg6 9. Nc3 Nf6 10. Qd6 b5 11. Be3 b4 12. Nd5 Nxd5 13. Qxd5 0-0 14. 0-0-0 a5 15. Bc4 a4 16. Bc5 Re8 17. Bxb4 Ba6 18. Bc5 Bxc4 19. Qxc4 Qxg2 20. Qd3 1/2-1/2

[Event "Santa Clara 1000 GM Schev2 03"]
[Site "Santa Clara"]
[Date "2024.03.10"]
[Round "3.2"]
[White "Pullela, Sricharan"]
[Black "Stopa, Jacek"]
[Result "1/2-1/2"]
[WhiteElo "2114"]
[BlackElo "2335"]
[PlyCount "44"]
[EventDate "2024.03.06"]
[EventType "schev"]
[EventRounds "5"]
[EventCountry "USA"]
[SourceTitle "CB13_2024"]
[SourceDate "2024.03.27"]
[SourceVersion "1"]
[SourceVersionDate "2024.03.27"]
[SourceQuality "1"]

1. d4 Nf6 2. Bg5 Ne4 3. Bf4 d5 4. Nd2 Bf5 5. e3 e6 6. Ngf3 Bd6 7. Be2 Bxf4 8. exf4 Qd6 9. g3 Nd7 10. c3 h6 11. Ne5 Nxe5 12. fxe5 Qb6 13. Qb3 Nxd2 14. Kxd2 0-0 15. Qxb6 axb6 16. a3 c5 17. g4 Bh7 18. f4 Be4 19. Rhf1 f5 20. exf6 gxf6 21. h4 Rac8 22. Rac1 Rc7 1/2-1/2

[Event "Santa Clara 1000 GM Schev2 03"]
[Site "Santa Clara"]
[Date "2024.03.10"]
[Round "2.3"]
[White "Stopa, Jacek"]
[Black "Chiang, Jacob"]
[Result "1-0"]
[WhiteElo "2335"]
[BlackElo "2154"]
[PlyCount "93"]
[EventDate "2024.03.06"]
[EventType "schev"]
[EventRounds "5"]
[EventCountry "USA"]
[SourceTitle "CB13_2024"]
[SourceDate "2024.03.27"]
[SourceVersion "1"]
[SourceVersionDate "2024.03.27"]
[SourceQuality "1"]

1. Nf3 Nf6 2. c4 c5 3. g3 Nc6 4. Bg2 e5 5. Nc3 Be7 6. 0-0 0-0 7. d3 d6 8. Ne1 Be6 9. Bg5 Ne8 10. Bd2 f5 11. Nd5 Nf6 12. a3 Bxd5 13. cxd5 Nb8 14. b4 Nbd7 15. Qb3 e4 16. Qb1 Re8 17. Ra2 Bf8 18. dxe4 Nxe4 19. Nd3 c4 20. Nf4 Ndf6 21. Rc1 b5 22. Be1 Qb6 23. a4 a6 24. Rd1 g6 25. Qa1 Bg7 26. axb5 Qxb5 27. Ne6 Re7 28. Ra5 Qb6 29. Nxg7 Rxg7 30. Rc1 Rc7 31. b5 Nxd5 32. Bxe4 fxe4 33. bxa6 Rc5 34. Ra3 Qc6 35. a7 Nc7 36. Bd2 Nb5 37. Ra6 Qc7 38. Be3 Rf5 39. Qa4 d5 40. Qxb5 d4 41. Bf4 Rxb5 42. Bxc7 c3 43. Rb6 d3 44. exd3 exd3 45. Rxc3 d2 46. Rd3 Rc5 47. Rb8+ 1-0

[Event "Santa Clara 1000 GM Schev2 03"]
[Site "Santa Clara"]
[Date "2024.03.09"]
[Round "1.4"]
[White "Stopa, Jacek"]
[Black "Iinuma, Paul Y"]
[Result "1-0"]
[WhiteElo "2335"]
[BlackElo "2141"]
[PlyCount "61"]
[EventDate "2024.03.06"]
[EventType "schev"]
[EventRounds "5"]
[EventCountry "USA"]
[SourceTitle "CB13_2024"]
[SourceDate "2024.03.27"]
[SourceVersion "1"]
[SourceVersionDate "2024.03.27"]
[SourceQuality "1"]

1. Nf3 d5 2. c4 c6 3. e3 Nf6 4. Nc3 e6 5. Qc2 Nbd7 6. b3 Bd6 7. Bb2 a6 8. d4 Qe7 9. Be2 b6 10. 0-0 Bb7 11. e4 dxe4 12. Nxe4 Nxe4 13. Qxe4 Nf6 14. Qc2 0-0 15. Rfe1 h6 16. Bd3 Rfe8 17. Rac1 Rad8 18. h3 Kh8 19. Ne5 c5 20. dxc5 bxc5 21. Re3 Qc7 22. Rce1 Kg8 23. Qe2 Nd7 24. Nxf7 Kxf7 25. Qh5+ Kg8 26. Bxg7 Nf8 27. Bf6 Bh2+ 28. Kh1 Rxd3 29. Rxd3 Qf4 30. Be5 Qxf2 31. Qg4+ 1-0

[Event "Sunnyvale 1000 IM Winter 01"]
[Site "Sunnyvale"]
[Date "2024.01.05"]
[Round "7"]
[White "Stopa, Jacek"]
[Black "Yao, Hanchi"]
[Result "1-0"]
[WhiteElo "2344"]
[BlackElo "1998"]
[PlyCount "94"]
[EventDate "2024.01.02"]
[EventType "schev"]
[EventRounds "9"]
[EventCountry "USA"]
[SourceTitle "CB02_2024"]
[SourceDate "2024.01.10"]
[SourceVersion "1"]
[SourceVersionDate "2024.01.10"]
[SourceQuality "1"]

1. d4 Nf6 2. Bg5 d5 3. Bxf6 exf6 4. e3 Bf5 5. g3 c6 6. Nd2 Nd7 7. Bg2 Nb6 8. Ne2 Bd6 9. 0-0 0-0 10. a4 a5 11. b3 Qd7 12. c4 Bb4 13. c5 Nc8 14. Nf3 b6 15. cxb6 h6 16. Ne1 Qb7 17. Nd3 Qxb6 18. Nxb4 Qxb4 19. Rc1 Ra6 20. Rc3 Nd6 21. f3 Re8 22. Kf2 Rb6 23. Qc1 Bd7 24. Nf4 Rbb8 25. Nd3 Qb7 26. Qa3 Qc7 27. Rfc1 Rb6 28. Qc5 Nb7 29. Qa3 Bf5 30. Nf4 Qd7 31. Bf1 Nd8 32. Qc5 Qa7 33. Qd6 Qe7 34. Qxe7 Rxe7 35. g4 Bd7 36. Nd3 Nb7 37. b4 axb4 38. Rb3 Na5 39. Rxb4 Rxb4 40. Nxb4 Be8 41. Rc5 Ra7 42. Na6 Nb7 43. Rc3 Kf8 44. e4 Ke7 45. Nc7 dxe4 46. Nxe8 Kxe8 47. Rxc6 Rxa4 1-0

[Event "Sunnyvale 1000 IM Winter 01"]
[Site "Sunnyvale"]
[Date "2024.01.04"]
[Round "5"]
[White "Stevens, Adam B"]
[Black "Stopa, Jacek"]
[Result "1/2-1/2"]
[WhiteElo "1878"]
[BlackElo "2344"]
[PlyCount "48"]
[EventDate "2024.01.02"]
[EventType "schev"]
[EventRounds "9"]
[EventCountry "USA"]
[SourceTitle "CB02_2024"]
[SourceDate "2024.01.10"]
[SourceVersion "1"]
[SourceVersionDate "2024.01.10"]
[SourceQuality "1"]

1. d4 f5 2. Nf3 Nf6 3. c4 g6 4. e3 Bg7 5. Be2 0-0 6. 0-0 b6 7. b4 a5 8. b5 Bb7 9. Bb2 Ne4 10. Nc3 e6 11. Qc2 d6 12. Rad1 Nd7 13. Nd2 Nxd2 14. Qxd2 Qg5 15. d5 e5 16. f4 Qh6 17. Rf3 Bf6 18. e4 Rae8 19. Rdf1 exf4 20. exf5 g5 21. h4 Nc5 22. hxg5 Qxg5 23. Rxf4 Kh8 24. Bd1 Bc8 1/2-1/2

[Event "Sunnyvale 1000 IM Winter 01"]
[Site "Sunnyvale"]
[Date "2024.01.04"]
[Round "4"]
[White "Stopa, Jacek"]
[Black "Sivakumar, Shaashwath"]
[Result "1/2-1/2"]
[WhiteElo "2344"]
[BlackElo "2205"]
[PlyCount "71"]
[EventDate "2024.01.02"]
[EventType "schev"]
[EventRounds "9"]
[EventCountry "USA"]
[SourceTitle "CB02_2024"]
[SourceDate "2024.01.10"]
[SourceVersion "1"]
[SourceVersionDate "2024.01.10"]
[SourceQuality "1"]

1. e4 c5 2. Nf3 d6 3. Bb5+ Nd7 4. 0-0 Ngf6 5. Re1 a6 6. Bf1 b6 7. c4 Bb7 8. Nc3 e6 9. b3 Ne5 10. Bb2 Be7 11. Qe2 0-0 12. Rad1 Nfd7 13. d4 Nxf3+ 14. Qxf3 Bf6 15. d5 Bd4 16. Na4 Bxb2 17. Nxb2 e5 18. a4 g6 19. Qc3 a5 20. g3 Qg5 21. Nd3 Rae8 22. Bg2 Qh6 23. Re2 Bc8 24. Rf1 f5 25. exf5 gxf5 26. Rfe1 Nf6 27. f4 e4 28. Nf2 Qg6 29. Re3 h5 30. Nh3 Nh7 31. Kf1 Re7 32. Bf3 Rg7 33. Bd1 Qh6 34. Ke2 Kf7 35. Kd2 Rfg8 36. Kc2 1/2-1/2

[Event "Sunnyvale 1000 IM Winter 12"]
[Site "Sunnyvale"]
[Date "2023.12.30"]
[Round "9"]
[White "Stevens, Adam B"]
[Black "Stopa, Jacek"]
[Result "0-1"]
[WhiteElo "1878"]
[BlackElo "2350"]
[PlyCount "82"]
[EventDate "2023.12.26"]
[EventType "schev"]
[EventRounds "9"]
[EventCountry "USA"]
[SourceTitle "CB01_2024"]
[SourceDate "2024.01.03"]
[SourceVersion "1"]
[SourceVersionDate "2024.01.03"]
[SourceQuality "1"]

1. d4 g6 2. c4 Bg7 3. Nf3 d6 4. e4 Bg4 5. Be2 Nc6 6. d5 Bxf3 7. Bxf3 Nd4 8. Nc3 c5 9. 0-0 e5 10. Bg4 a6 11. Ne2 Nf6 12. Nxd4 cxd4 13. Bg5 0-0 14. Qd3 Qb6 15. Bxf6 Bxf6 16. b3 a5 17. a4 Bg7 18. Bd1 f5 19. Bf3 Rf6 20. Ra2 Bh6 21. Re2 Raf8 22. Rb1 Qb4 23. Kf1 Bf4 24. Kg1 Kg7 25. g3 Bh6 26. Bg2 f4 27. f3 fxg3 28. hxg3 Qb6 29. Kh2 Bg5 30. Reb2 Qb4 31. Rf1 Be3 32. Rbb1 h5 33. Qe2 Qb6 34. b4 axb4 35. Qb2 Qd8 36. Qxb4 h4 37. g4 h3 38. Bh1 Bf4+ 39. Kg1 R6f7 40. Qe1 Rh8 41. Kf2 d3 0-1

[Event "Sunnyvale 1000 IM Winter 12"]
[Site "Sunnyvale"]
[Date "2023.12.29"]
[Round "6"]
[White "Stopa, Jacek"]
[Black "Atwell, Rose"]
[Result "1/2-1/2"]
[WhiteElo "2350"]
[BlackElo "2057"]
[PlyCount "74"]
[EventDate "2023.12.26"]
[EventType "schev"]
[EventRounds "9"]
[EventCountry "USA"]
[SourceTitle "CB01_2024"]
[SourceDate "2024.01.03"]
[SourceVersion "1"]
[SourceVersionDate "2024.01.03"]
[SourceQuality "1"]

1. Nf3 d5 2. c4 e6 3. e3 Nf6 4. Nc3 Be7 5. b3 0-0 6. Bb2 b6 7. cxd5 exd5 8. Be2 Nbd7 9. Nd4 Bb7 10. Nf5 Re8 11. Nxe7+ Qxe7 12. 0-0 Ne4 13. Nb5 Nf8 14. Nd4 Nd6 15. Nf3 f6 16. Qc2 Ne6 17. Rac1 Rac8 18. b4 c5 19. bxc5 bxc5 20. Rfe1 Qd7 21. Bd3 Ne4 22. Nh4 c4 23. Be2 N6c5 24. Nf3 Ba6 25. Bd4 Nd3 26. Bxd3 cxd3 27. Qb2 Rc4 28. Rxc4 Bxc4 29. Qa3 Rb8 30. h3 a6 31. Rc1 Qd6 32. Qa4 Kf7 33. g4 Rb4 34. Qa5 Rb5 35. Qa4 Rb4 36. Qa5 Rb5 37. Qa4 Rb4 1/2-1/2

[Event "Sunnyvale 1000 IM Winter 12"]
[Site "Sunnyvale"]
[Date "2023.12.28"]
[Round "4"]
[White "Sivakumar, Shaaketh"]
[Black "Stopa, Jacek"]
[Result "1/2-1/2"]
[WhiteElo "2364"]
[BlackElo "2350"]
[PlyCount "52"]
[EventDate "2023.12.26"]
[EventType "schev"]
[EventRounds "9"]
[EventCountry "USA"]
[SourceTitle "CB01_2024"]
[SourceDate "2024.01.03"]
[SourceVersion "1"]
[SourceVersionDate "2024.01.03"]
[SourceQuality "1"]

1. Nf3 Nf6 2. c4 g6 3. g3 Bg7 4. Bg2 0-0 5. 0-0 c6 6. d4 d5 7. cxd5 cxd5 8. Nc3 e6 9. Bf4 Nc6 10. Ne5 Nd7 11. Nxd7 Bxd7 12. e3 Qa5 13. Qb3 b6 14. Rfc1 Rac8 15. Bf1 e5 16. dxe5 Be6 17. Qb5 Nxe5 18. Qxa5 bxa5 19. Rd1 Nf3+ 20. Kg2 d4 21. Ne4 Bd5 22. Kxf3 f5 23. exd4 Bxe4+ 24. Ke3 Rc2 25. Bd3 Bxd3 26. Rxd3 Re8+ 1/2-1/2

[Event "Sunnyvale 1000 GM Thanksgiving GM"]
[Site "Sunnyvale"]
[Date "2023.11.26"]
[Round "8"]
[White "Yan, Nathan"]
[Black "Stopa, Jacek"]
[Result "0-1"]
[WhiteElo "2202"]
[BlackElo "2351"]
[PlyCount "102"]
[EventDate "2023.11.22"]
[EventType "schev"]
[EventRounds "9"]
[EventCountry "USA"]
[SourceTitle "CB48_2023"]
[SourceDate "2023.11.29"]
[SourceVersion "1"]
[SourceVersionDate "2023.11.29"]
[SourceQuality "1"]

1. e4 e5 2. Nf3 Nc6 3. Bb5 a6 4. Ba4 d6 5. c3 Bd7 6. 0-0 g6 7. d4 Bg7 8. Re1 Nf6 9. Nbd2 0-0 10. Nf1 Qe8 11. Bc2 Bg4 12. d5 Ne7 13. h3 Bd7 14. Ng3 a5 15. Be3 Qb8 16. a4 c6 17. c4 cxd5 18. cxd5 Rc8 19. Qd2 Be8 20. Rec1 Nd7 21. Bh6 f6 22. Bxg7 Kxg7 23. Nh2 Nc5 24. Ng4 Ng8 25. f4 b5 26. Qf2 bxa4 27. fxe5 dxe5 28. Rf1 Ra6 29. Rab1 Bb5 30. Rfd1 Qa7 31. Kh2 Nb3 32. Qxa7+ Rxa7 33. Ne3 Nd4 34. Bd3 Bxd3 35. Rxd3 Rb7 36. Ra3 Rb4 37. Ngf1 Nb5 38. Ra2 Rxe4 39. Rba1 a3 40. bxa3 Rc5 41. a4 Nd6 42. Rb2 Ne7 43. Rb6 Nxd5 44. Nxd5 Rxd5 45. Rc1 Nc4 46. Rb7+ Kh6 47. Ng3 Rh4 48. Rc7 Ne3 49. Re1 Rd3 50. Kg1 Rxa4 51. Rc6 Ra2 0-1

[Event "New York 1000 GM Fall IM-C"]
[Site "New York"]
[Date "2023.11.09"]
[Round "3"]
[White "Campos Jimenez, Augusto Cesar"]
[Black "Stopa, Jacek"]
[Result "1/2-1/2"]
[WhiteElo "2263"]
[BlackElo "2351"]
[PlyCount "98"]
[EventDate "2023.11.08"]
[EventType "tourn"]
[EventRounds "9"]
[EventCountry "USA"]
[SourceTitle "CB46_2023"]
[SourceDate "2023.11.15"]
[SourceVersion "1"]
[SourceVersionDate "2023.11.15"]
[SourceQuality "1"]

1. d4 e6 2. Nf3 f5 3. h3 b6 4. Bf4 Bb7 5. e3 Nf6 6. Be2 Be7 7. c4 0-0 8. Nc3 Ne4 9. 0-0 Bf6 10. Rc1 Nc6 11. Bh2 Ne7 12. Nxe4 Bxe4 13. b4 a5 14. b5 Ra7 15. Nd2 Ba8 16. a4 f4 17. Bxf4 Bxd4 18. Bxc7 Rxc7 19. exd4 Nf5 20. Nf3 Qf6 21. c5 Bxf3 22. Bxf3 Nxd4 23. cxb6 Rxc1 24. Qxc1 Nxf3+ 25. gxf3 Qxf3 26. Qc7 Qxh3 27. f3 Rxf3 28. Qd8+ Kf7 29. Qxd7+ Kg6 30. Rxf3 Qxf3 31. b7 Qg3+ 32. Kf1 Qf3+ 33. Ke1 Qe4+ 34. Kd2 Qf4+ 35. Kd3 Qf5+ 36. Kc3 Qc5+ 37. Kd2 Qf2+ 38. Kd3 Qf5+ 39. Kd2 Qf2+ 40. Kc1 Qc5+ 41. Kd1 Qh5+ 42. Ke1 Qe5+ 43. Kd2 Qg5+ 44. Kd3 Qf5+ 45. Kc3 Qc5+ 46. Kb2 Qb4+ 47. Kc1 Qc5+ 48. Kd2 Qg5+ 49. Kd3 Qf5+ 1/2-1/2

[Event "New York 1000 GM Fall IM-C"]
[Site "New York"]
[Date "2023.11.09"]
[Round "2"]
[White "Stopa, Jacek"]
[Black "Lee, Justin"]
[Result "1/2-1/2"]
[WhiteElo "2351"]
[BlackElo "2300"]
[PlyCount "113"]
[EventDate "2023.11.08"]
[EventType "tourn"]
[EventRounds "9"]
[EventCountry "USA"]
[SourceTitle "CB46_2023"]
[SourceDate "2023.11.15"]
[SourceVersion "1"]
[SourceVersionDate "2023.11.15"]
[SourceQuality "1"]

1. Nf3 d5 2. c4 c6 3. d4 Nf6 4. Qc2 dxc4 5. Qxc4 Bf5 6. g3 e6 7. Bg2 Be7 8. 0-0 0-0 9. e3 Nbd7 10. Nc3 h6 11. Qe2 Ne4 12. Nd2 Nxd2 13. Bxd2 e5 14. d5 cxd5 15. Nxd5 Nf6 16. Ba5 Qd7 17. Rfd1 Nxd5 18. Rxd5 Qe6 19. Bc3 Bf6 20. Rb5 Rab8 21. Rxb7 Rxb7 22. Bxb7 e4 23. Qa6 Bxc3 24. Qxe6 Bxe6 25. bxc3 f5 26. a4 Rf7 27. Ba6 Rc7 28. c4 Kf7 29. Rd1 Ke7 30. Rd4 Bd7 31. g4 Bxa4 32. gxf5 Bc2 33. Rd5 Bd3 34. Ra5 Kf6 35. Kg2 Bxc4 36. Bxc4 Rxc4 37. Kg3 Rc2 38. h4 h5 39. Kf4 Rxf2+ 40. Kxe4 Rh2 41. Ra6+ Kf7 42. Rxa7+ Kf6 43. Ra6+ Kf7 44. Ke5 Rxh4 45. Ra7+ Kf8 46. e4 Rg4 47. Ra4 Kf7 48. Ra7+ Kf8 49. Kd5 Rf4 50. e5 Rxf5 51. Ke6 g6 52. Kd6 Rf1 53. e6 Rd1+ 54. Ke5 Re1+ 55. Kf6 Rf1+ 56. Kxg6 Re1 57. Kf6 1/2-1/2

[Event "Sunnyvale Silicon Valley Fall op"]
[Site "Sunnyvale"]
[Date "2023.08.31"]
[Round "1"]
[White "Wu, Sibo"]
[Black "Stopa, Jacek"]
[Result "1-0"]
[WhiteElo "2082"]
[BlackElo "2362"]
[PlyCount "63"]
[EventDate "2023.08.31"]
[EventType "swiss"]
[EventRounds "9"]
[EventCountry "USA"]
[SourceTitle "EXT 2024"]
[Source "ChessBase"]
[SourceDate "2023.10.10"]
[SourceVersion "1"]
[SourceVersionDate "2023.10.10"]
[SourceQuality "1"]

1. d4 e6 2. Bf4 c5 3. e3 cxd4 4. exd4 Qb6 5. Nc3 Qxb2 6. Nb5 Bb4+ 7. Ke2 Na6 8. a3 Be7 9. Rb1 Qa2 10. Rb3 Nf6 11. Nc3 Qxb3 12. cxb3 Bxa3 13. f3 0-0 14. Kf2 Bb4 15. Nb5 Nd5 16. Bd2 Be7 17. Nh3 b6 18. Bc4 Nf6 19. Bf4 Ne8 20. Re1 Bb7 21. d5 Bc5+ 22. Kf1 Nb4 23. dxe6 dxe6 24. Be3 Nf6 25. Bxc5 bxc5 26. Qd6 a6 27. Nc7 Rac8 28. Nf4 Nc2 29. Re2 Nd4 30. Ra2 Nf5 31. Qb6 Rb8 32. Qxc5 1-0

[Event "Fort Lauderdale 1000 GM IM 08"]
[Site "Fort Lauderdale"]
[Date "2023.08.05"]
[Round "7"]
[White "Johnson, Donald"]
[Black "Stopa, Jacek"]
[Result "0-1"]
[WhiteElo "2175"]
[BlackElo "2374"]
[PlyCount "116"]
[EventDate "2023.08.02"]
[EventType "tourn"]
[EventRounds "9"]
[EventCountry "USA"]
[SourceTitle "CBM 215 Extra"]
[Source "ChessBase"]
[SourceDate "2023.09.30"]
[SourceVersion "1"]
[SourceVersionDate "2023.09.30"]
[SourceQuality "1"]

1. e4 e6 2. d4 d5 3. Nc3 Nf6 4. e5 Nfd7 5. f4 c5 6. Nf3 Nc6 7. Be3 a6 8. a3 Qb6 9. dxc5 Bxc5 10. Na4 Qa5+ 11. b4 Qxa4 12. bxc5 0-0 13. c4 Qa5+ 14. Qd2 Qxd2+ 15. Kxd2 Rd8 16. Kc3 Ne7 17. Rd1 Nb8 18. h4 Nbc6 19. h5 h6 20. g4 Bd7 21. g5 Nf5 22. Bf2 d4+ 23. Kb2 hxg5 24. Nxg5 Na5 25. Bd3 Ba4 26. Rdg1 Nh6 27. Bh4 Rd7 28. Nh7 Nxc4+ 29. Ka1 Ne3 30. Nf6+ Kf8 31. Nxd7+ Bxd7 32. Bg5 Bb5 33. Be4 Rc8 34. Bxb7 Rxc5 35. Be4 d3 36. a4 Bc6 37. Bxc6 Rxc6 38. Rc1 Rxc1+ 39. Rxc1 f6 40. exf6 d2 41. fxg7+ Kxg7 42. Rb1 d1Q 43. Rxd1 Nxd1 44. Ka2 Ne3 45. Kb3 Nf7 46. Bh4 Nd5 47. Bg3 Nd6 48. Bf2 Kh6 49. Bc5 Nb7 50. Bf8+ Kxh5 51. Kc4 Kg4 52. Kd4 Kxf4 53. Bg7 Kf5 54. Be5 Nb6 55. a5 Nxa5 56. Bc7 Nac4 57. Kc5 a5 58. Kb5 a4 0-1

[Event "New York Summer 1000 GM IM-C"]
[Site "New York"]
[Date "2023.07.09"]
[Round "7.3"]
[White "Stopa, Jacek"]
[Black "Mou, Iris Zhaoying"]
[Result "1-0"]
[WhiteElo "2364"]
[BlackElo "2214"]
[PlyCount "57"]
[EventDate "2023.07.06"]
[EventType "schev"]
[EventRounds "9"]
[EventCountry "USA"]
[SourceTitle "CBM 215 Extra"]
[Source "ChessBase"]
[SourceDate "2023.09.30"]
[SourceVersion "1"]
[SourceVersionDate "2023.09.30"]
[SourceQuality "1"]
[WhiteTeam "Team A"]
[BlackTeam "Team B"]
[WhiteTeamCountry "USA"]
[BlackTeamCountry "USA"]

1. d4 Nf6 2. c4 e6 3. Nf3 Bb4+ 4. Nbd2 0-0 5. a3 Be7 6. e4 d6 7. Be2 Nfd7 8. b4 e5 9. d5 a5 10. Bb2 c6 11. 0-0 Na6 12. Qb3 cxd5 13. exd5 b6 14. Ne1 Bg5 15. Ne4 Bh6 16. Nd3 Qe7 17. Rae1 f5 18. Nc3 e4 19. Bd1 Qf7 20. Nc1 Bf4 21. Nb5 Qg6 22. Na2 Bd2 23. Re2 f4 24. f3 Be3+ 25. Rxe3 fxe3 26. Qxe3 exf3 27. Bxf3 Re8 28. Qf4 Ne5 29. Be2 1-0

[Event "Las Vegas 1000 GM op"]
[Site "Las Vegas"]
[Date "2023.06.10"]
[Round "4"]
[White "Stopa, Jacek"]
[Black "Narayanan, Samrug"]
[Result "1/2-1/2"]
[WhiteElo "2382"]
[BlackElo "2297"]
[PlyCount "124"]
[EventDate "2023.06.08"]
[EventType "swiss"]
[EventRounds "9"]
[EventCountry "USA"]
[SourceTitle "CBM 214 Extra"]
[Source "ChessBase"]
[SourceDate "2023.07.31"]
[SourceVersion "1"]
[SourceVersionDate "2023.07.31"]
[SourceQuality "1"]

1. d4 d5 2. c4 c6 3. Nf3 Nf6 4. Qc2 e6 5. g3 Nbd7 6. Bg2 Be7 7. 0-0 Ne4 8. Nc3 f5 9. Ne1 0-0 10. Nd3 Bf6 11. e3 b6 12. cxd5 cxd5 13. Nxe4 dxe4 14. Nf4 Qe7 15. Qc6 Ba6 16. Qxe6+ Qxe6 17. Nxe6 Rfc8 18. Re1 Rc2 19. Nf4 Be7 20. Nd5 Bd6 21. Bf1 Bxf1 22. Kxf1 Rac8 23. a3 b5 24. Nc3 b4 25. axb4 Bxb4 26. Re2 Rxe2 27. Kxe2 Bxc3 28. bxc3 Rxc3 29. Rxa7 Nf6 30. Bd2 Rb3 31. h3 g6 32. Ra5 Kf7 33. Kd1 Rb1+ 34. Bc1 Rb7 35. Kd2 Ke6 36. Re5+ Kf7 37. Ba3 Rb3 38. Bd6 Rb2+ 39. Ke1 Rb1+ 40. Ke2 Rb7 41. Ra5 Ke6 42. Ra6 Nd5 43. Ba3+ Kf7 44. Kd2 Rb3 45. Ra7+ Ke6 46. Ra6+ Kf7 47. Ra7+ Ke6 48. Bf8 Rb2+ 49. Ke1 Rb1+ 50. Ke2 Rb2+ 51. Kf1 Rb1+ 52. Kg2 Rb2 53. Ra3 h5 54. h4 Kf7 55. Bd6 Nf6 56. Ra7+ Ke8 57. Ra8+ Kd7 58. Bf4 Ng4 59. Ra6 Rxf2+ 60. Kg1 Rd2 61. Rxg6 Rd1+ 62. Kg2 Rd2+ 1/2-1/2